La arqueología del saber
Gespeichert in:
| 1. Verfasser: | |
|---|---|
| Weitere Verfasser: | |
| Format: | Buch |
| Sprache: | Spanish |
| Veröffentlicht: |
México:
Siglo XXI,
2010
|
| Ausgabe: | 2a ed. |
| Schlagworte: | |
| Online Zugang: | Enlace del recurso |
| Tags: |
Tag hinzufügen
Keine Tags, Fügen Sie den ersten Tag hinzu!
|
MARC
| LEADER | 00000nam a22000007a 4500 | ||
|---|---|---|---|
| 003 | OSt | ||
| 005 | 20170802163248.0 | ||
| 008 | 170802b2010 mx ||||| |||| 00| 0 spa d | ||
| 020 | |a 9786070301421 | ||
| 040 | |c CNA-IDEP | ||
| 082 | |a 153.4 |b F762 | ||
| 100 | |a Foucalt, Michel |9 3110 | ||
| 245 | 1 | 3 | |a La arqueología del saber |c Michel Foucalt, |
| 250 | |a 2a ed. | ||
| 260 | |a México: |b Siglo XXI, |c 2010 | ||
| 300 | |a 273 p. | ||
| 546 | |a Título original de la obra: L'archéologie du savoir | ||
| 650 | |a Cognición |9 3108 | ||
| 650 | |a Teoría del Conocimiento |9 1111 | ||
| 650 | |a Psicolingúistica |9 3109 | ||
| 700 | |a Aureliano Garzón del Camino |e Traductor |9 3111 | ||
| 942 | |2 ddc |c BK | ||
| 999 | |c 5252 |d 5252 | ||
| 856 | |u https://catalogo.idep.edu.co/cgi-bin/koha/opac-detail.pl?biblionumber=5252 |z Enlace del recurso | ||